000 00483nam a2200241Ia 4500
001 068552
003 YMCAF
005 20230512160528.0
008 100717s1970 ||||||||||||||||| ||und|d
020 _a-
024 _a68552
035 _a8015
040 _aYMCAF
_beng
_cIN-KoLT
041 _aeng
100 _aHAMPDEN, JOHN
245 0 _aNINE MODERN PLAYS
250 _a-
260 _bU B STALL
_c1970
300 _a253
653 _a-
653 _a-
942 _2ddc
_cBK
999 _c5116
_d5116